Crisis internacionales y economía nacional: Costa Rica ante las dos guerras mundiales y la gran depresión /
sin resumen
Salvato in:
| Autore principale: | |
|---|---|
| Natura: | Libro |
| Lingua: | Spanish |
| Soggetti: | |
| Tags: |
Aggiungi Tag
Nessun Tag, puoi essere il primo ad aggiungerne!!
|
MARC
| LEADER | 00000nam a22000007a 4500 | ||
|---|---|---|---|
| 003 | cru IIS | ||
| 005 | 20220823160928.0 | ||
| 008 | 211118s1982 cr |||p|r|||| 00| 0 spa d | ||
| 040 | |c cru IIS | ||
| 100 | 1 | |a Daremblum Rosenstein, Jaime |9 10147 | |
| 245 | 1 | |a Crisis internacionales y economía nacional: |b Costa Rica ante las dos guerras mundiales y la gran depresión / |c Jaime Daremblum Rosenstein | |
| 300 | |a 62 páginas : |b tablas | ||
| 500 | |a Colección Centroamérica | ||
| 520 | |a sin resumen | ||
| 651 | 0 | |9 32 |a COSTA RICA | |
| 773 | 0 | |0 43969 |9 6353 |a Centro de Investigación y Adiestramiento Político Administrativo |d San José, Costa Rica: Centro de Investigación y Adiestramiento Político Administrativo, 1979- |o 22323 |t Estudios del Centro de Investigaciones y Adiestramiento Político / | |
| 942 | |2 ddc |c PP | ||
| 999 | |c 43970 |d 43970 | ||
